Những vấn đề cơ bản về tổ chức và hoạt động của chi bộ Đảng

Nêu vị trí, vai trò, nhiệm vụ, chủ trương, đường lối của Đảng về việc xây dựng, tổ chức, hoạt động, củng cố chi bộ, nâng cao chất lượng đảng viên gắn với đổi mới và nâng cao chất lượng hoạt động của hệ thống chính trị ở cơ sở...

全面介紹

Đã lưu trong:
書目詳細資料
主要作者: Nguyễn, Duy Hùng
格式: 圖書
語言:Undetermined
出版: Hà Nội Chính trị Quốc gia 2008
主題:
標簽: 添加標簽
沒有標簽, 成為第一個標記此記錄!
Thư viện lưu trữ: Trung tâm Học liệu Trường Đại học Cần Thơ
LEADER 01044nam a2200205Ia 4500
001 CTU_148327
008 210402s9999 xx 000 0 und d
020 |c 66000 
082 |a 324.2597071 
082 |b H513 
100 |a Nguyễn, Duy Hùng 
245 0 |a Những vấn đề cơ bản về tổ chức và hoạt động của chi bộ Đảng 
260 |a Hà Nội 
260 |b Chính trị Quốc gia 
260 |c 2008 
520 |a Nêu vị trí, vai trò, nhiệm vụ, chủ trương, đường lối của Đảng về việc xây dựng, tổ chức, hoạt động, củng cố chi bộ, nâng cao chất lượng đảng viên gắn với đổi mới và nâng cao chất lượng hoạt động của hệ thống chính trị ở cơ sở 
650 |a Communist parties,Political parties,Đảng Cộng sản Việt Nam 
650 |y VietNam 
904 |i Nguyên 
980 |a Trung tâm Học liệu Trường Đại học Cần Thơ